[Event "BCF-chT2b 1920 (4NCL)"]
[Site "Daventry"]
[Date "2020.01.11"]
[Round "3.71"]
[White "Makkar, Rajat"]
[Black "Tukpetov, Evgeny"]
[Result "1-0"]
[WhiteElo "2121"]
[BlackElo "2195"]
[PlyCount "105"]
[EventDate "2020.01.11"]
[EventType "team-tourn"]
[EventRounds "11"]
[EventCountry "ENG"]
[SourceTitle "CBM 194 Extra"]
[Source "ChessBase"]
[SourceDate "2020.03.31"]
[SourceVersion "1"]
[SourceVersionDate "2020.03.31"]
[SourceQuality "1"]
[WhiteTeam "Grantham Sharks II"]
[BlackTeam "Kings Head"]
[WhiteTeamCountry "ENG"]
[BlackTeamCountry "ENG"]

1. d4 g6 2. c4 Bg7 3. g3 c5 4. Nf3 cxd4 5. Nxd4 Nc6 6. Nxc6 dxc6 7. Bg2 Qxd1+ 8. Kxd1 Be6 9. Nd2 Nf6 10. h3 0-0 11. Kc2 a5 12. a4 Rfd8 13. Ra2 Nd7 14. b3 Nc5 15. Rd1 Rd4 16. Ba3 Bf5+ 17. Kc1 Na6 18. g4 Be6 19. Bxe7 Re8 20. Ba3 Red8 21. Bf3 f5 22. e3 Rd3 23. Nb1 fxg4 24. hxg4 Bf8 25. Rad2 Bxa3+ 26. Nxa3 Nc5 27. Kc2 Rxd2+ 28. Rxd2 Rxd2+ 29. Kxd2 Nxb3+ 30. Kc3 Nc5 31. Kd4 Nxa4 32. Bd1 Nb6 33. Kc5 Nc8 34. f4 Kf7 35. e4 Ke7 36. Kd4 Nb6 37. c5 Nd7 38. f5 Bf7 39. e5 Bd5 40. Bc2 Bf3 41. f6+ Ke8 42. g5 Bd5 43. Bd1 Nf8 44. Bg4 Be6 45. Be2 Kd8 46. Nc4 Bf5 47. Nd6 Ne6+ 48. Ke3 Nxc5 49. Nxf5 gxf5 50. Kf4 b5 51. Kxf5 a4 52. e6 a3 53. e7+ 1-0

[Event "BCF-chT3Sa 1819 (4NCL)"]
[Site "England"]
[Date "2019.02.09"]
[Round "5.11"]
[White "Tukpetov, Evgeny"]
[Black "Okhai, Shabir"]
[Result "1-0"]
[WhiteElo "2181"]
[BlackElo "2092"]
[PlyCount "87"]
[EventDate "2018.11.17"]
[EventType "team-tourn"]
[EventRounds "7"]
[EventCountry "ENG"]
[SourceTitle "EXT 2021"]
[Source "ChessBase"]
[SourceDate "2020.10.23"]
[SourceVersion "1"]
[SourceVersionDate "2020.10.23"]
[SourceQuality "1"]
[WhiteTeam "Kings Head"]
[BlackTeam "Fermented Sharks"]
[WhiteTeamCountry "ENG"]
[BlackTeamCountry "ENG"]

1. b3 e5 2. Bb2 Nc6 3. e3 d6 4. Ne2 g6 5. d4 Bg7 6. g3 Nge7 7. Bg2 0-0 8. 0-0 a6 9. Nd2 exd4 10. Nxd4 Nxd4 11. Bxd4 Bxd4 12. exd4 d5 13. Re1 c6 14. c3 Re8 15. Qf3 Be6 16. Re5 Nf5 17. Qd3 Nd6 18. c4 dxc4 19. bxc4 Bf5 20. Qb3 Qd7 21. Rae1 Kg7 22. Qb2 f6 23. R5e3 Be6 24. Bf1 Rad8 25. Bd3 Bf7 26. a4 Rxe3 27. fxe3 Re8 28. c5 Nc8 29. Bc4 Re7 30. e4 Qc7 31. Bxf7 Kxf7 32. Nc4 Qd8 33. e5 fxe5 34. Nxe5+ Kg8 35. Rf1 Qd5 36. Qf2 Re8 37. Ng4 Qe6 38. Nf6+ Kg7 39. Nxe8+ Qxe8 40. Re1 Qd7 41. Qf4 Ne7 42. Qd6 Nf5 43. Qxd7+ Kf8 44. Re8# 1-0

[Event "BCF-chT2a 1718 (4NCL)"]
[Site "England"]
[Date "2018.02.10"]
[Round "5.21"]
[White "Murphy, Hugh"]
[Black "Tukpetov, Evgeny"]
[Result "0-1"]
[WhiteElo "2104"]
[BlackElo "2280"]
[PlyCount "100"]
[EventDate "2017.11.11"]
[EventType "team-tourn"]
[EventRounds "7"]
[EventCountry "ENG"]
[SourceTitle "EXT 2020"]
[Source "ChessBase"]
[SourceDate "2019.10.17"]
[SourceVersion "1"]
[SourceVersionDate "2019.10.17"]
[SourceQuality "1"]
[WhiteTeam "Grantham Sharks II"]
[BlackTeam "Kings Head"]
[WhiteTeamCountry "ENG"]
[BlackTeamCountry "ENG"]

1. d4 d5 2. Bf4 Nc6 3. e3 Nf6 4. c4 e6 5. Nc3 Bd6 6. Bg3 0-0 7. Nf3 a6 8. cxd5 exd5 9. Be2 Re8 10. 0-0 Ne4 11. Qb3 Bg4 12. Rfe1 Nxc3 13. bxc3 Bxg3 14. hxg3 b5 15. a4 Na5 16. Qb4 c6 17. Ne5 Bxe2 18. Rxe2 f6 19. Nd3 Nc4 20. Rea2 a5 21. Qc5 Qd7 22. Nb2 Reb8 23. e4 Nd2 24. exd5 cxd5 25. Qa3 Qf5 26. axb5 Rxb5 27. Nd1 Nc4 28. Qe7 Rab8 29. Re2 R5b7 30. Qc5 Rc8 31. Ne3 Nxe3 32. Qxa5 Rb1+ 33. Re1 Rxa1 34. Rxa1 Ng4 35. f3 Ne3 36. Re1 Nc4 37. Qb5 h5 38. Re7 Nd2 39. Kh2 h4 40. gxh4 Qf4+ 41. Kg1 Nxf3+ 42. gxf3 Qg3+ 43. Kf1 Qxf3+ 44. Kg1 Rxc3 45. Qe8+ Kh7 46. Re1 Qg3+ 47. Kf1 Rf3+ 48. Ke2 Rf2+ 49. Kd1 Qf3+ 50. Kc1 Qc3+ 0-1

[Event "BCF-chT2a 1718 (4NCL)"]
[Site "England"]
[Date "2018.01.14"]
[Round "4.22"]
[White "Tukpetov, Evgeny"]
[Black "Cumming, Rhys"]
[Result "1-0"]
[WhiteElo "2244"]
[BlackElo "2155"]
[PlyCount "119"]
[EventDate "2017.11.11"]
[EventType "team-tourn"]
[EventRounds "7"]
[EventCountry "ENG"]
[SourceTitle "EXT 2020"]
[Source "ChessBase"]
[SourceDate "2019.10.17"]
[SourceVersion "1"]
[SourceVersionDate "2019.10.17"]
[SourceQuality "1"]
[WhiteTeam "Kings Head"]
[BlackTeam "Sussex Martlets"]
[WhiteTeamCountry "ENG"]
[BlackTeamCountry "ENG"]

1. e4 e5 2. Nc3 Nf6 3. Bc4 Nxe4 4. Qh5 Nd6 5. Qxe5+ Qe7 6. Qxe7+ Bxe7 7. Be2 0-0 8. Nf3 Nf5 9. d4 Nc6 10. Nd5 Bd8 11. c3 Nce7 12. Nb4 d5 13. h3 c6 14. Bf4 Ng6 15. Bh2 Nfh4 16. Nxh4 Nxh4 17. 0-0 Re8 18. Rfe1 Be7 19. Nd3 Bf5 20. Nc5 Bxc5 21. dxc5 Re6 22. Bf1 Rae8 23. Rxe6 Rxe6 24. f3 Bg6 25. Kf2 Nf5 26. Bf4 Kf8 27. Rd1 b6 28. g4 Ne7 29. Bd6 Ke8 30. c4 dxc4 31. Bxc4 Nd5 32. Bxd5 cxd5 33. Rxd5 Kd7 34. cxb6 axb6 35. Bf8+ Kc6 36. Rd1 f5 37. Bxg7 Rd6 38. Rxd6+ Kxd6 39. Bh6 Kd5 40. Ke3 b5 41. Kf4 fxg4 42. hxg4 Ke6 43. Kg5 Be8 44. Bg7 Bc6 45. f4 Bf3 46. f5+ Kf7 47. Bc3 Be2 48. Kf4 Bc4 49. a3 Bd3 50. g5 Bc2 51. Ke5 Bd3 52. f6 Bc4 53. Kd4 Be6 54. Kc5 Bd7 55. b4 Be8 56. a4 bxa4 57. b5 Ke6 58. b6 Kd7 59. Be5 Kc8 60. Kd6 1-0

[Event "BCF-chT2a 1718 (4NCL)"]
[Site "England"]
[Date "2017.11.12"]
[Round "2.22"]
[White "Maciol, Ryszard"]
[Black "Tukpetov, Evgeny"]
[Result "0-1"]
[WhiteElo "2162"]
[BlackElo "2213"]
[PlyCount "84"]
[EventDate "2017.11.11"]
[EventType "team-tourn"]
[EventRounds "7"]
[EventCountry "ENG"]
[SourceTitle "EXT 2020"]
[Source "ChessBase"]
[SourceDate "2019.10.17"]
[SourceVersion "1"]
[SourceVersionDate "2019.10.17"]
[SourceQuality "1"]
[WhiteTeam "Celtic Tigers"]
[BlackTeam "Kings Head"]
[WhiteTeamCountry "ENG"]
[BlackTeamCountry "ENG"]

1. d4 d5 2. c4 Nc6 3. Nf3 Bg4 4. Nc3 e6 5. cxd5 exd5 6. Bf4 Bxf3 7. gxf3 Bd6 8. Qd2 Nge7 9. 0-0-0 Na5 10. Bg5 h6 11. Bh4 Nc4 12. Qc2 c6 13. e4 Qa5 14. exd5 cxd5 15. Bxc4 dxc4 16. Rhe1 Kf8 17. d5 Rd8 18. Qe4 g5 19. Bg3 Qc5 20. Bxd6 Qxd6 21. Qxc4 Qxh2 22. Qc5 Rd7 23. Kb1 b6 24. Qd4 Rg8 25. Qa4 Qc7 26. Nb5 Qd8 27. d6 Nc8 28. Rd5 Rg6 29. Rde5 Nxd6 30. Nxa7 Kg7 31. Rd5 Qa8 32. Qxd7 Qxd5 33. Nc6 Qd3+ 34. Ka1 Qd2 35. Rh1 Re6 36. a3 Qxf2 37. Nd8 Re1+ 38. Rxe1 Qxe1+ 39. Ka2 Qe5 40. Kb3 Qd5+ 41. Kc2 h5 42. Nxf7 Qc5+ 0-1

[Event "BCF-chT1a 1617 (4NCL)"]
[Site "England"]
[Date "2016.11.20"]
[Round "2.41"]
[White "Libiszewski, Fabien"]
[Black "Tukpetov, Evgeny"]
[Result "1-0"]
[WhiteElo "2543"]
[BlackElo "2269"]
[PlyCount "109"]
[EventDate "2016.11.19"]
[EventType "team-tourn"]
[EventRounds "7"]
[EventCountry "ENG"]
[SourceTitle "CBM 175 Extra"]
[Source "ChessBase"]
[SourceDate "2016.12.12"]
[SourceVersion "1"]
[SourceVersionDate "2016.12.12"]
[SourceQuality "1"]
[WhiteTeam "3CS Oldham"]
[BlackTeam "Kings Head"]
[WhiteTeamCountry "ENG"]
[BlackTeamCountry "ENG"]

1. e4 b6 2. d4 Bb7 3. Bd3 Nf6 4. Qe2 e6 5. Nf3 c5 6. e5 Nd5 7. c4 Nc7 8. Be4 Bxe4 9. Qxe4 cxd4 10. Nxd4 d5 11. exd6 Bxd6 12. Nc3 0-0 13. Ndb5 Nxb5 14. Qxa8 Nxc3 15. bxc3 Qh4 16. Qf3 Nd7 17. Qd3 Be5 18. Be3 Nc5 19. Bxc5 bxc5 20. g3 Qf6 21. Rc1 h5 22. 0-0 h4 23. Qe3 h3 24. Rfe1 Bc7 25. Red1 Rb8 26. Rb1 Rxb1 27. Rxb1 Qf5 28. Rc1 Bd8 29. Rd1 Bf6 30. Qd3 Qe5 31. f3 g5 32. Kf2 Kg7 33. Rc1 Qc7 34. Rc2 Qb7 35. Ke2 Qb8 36. Rc1 Qb2+ 37. Qc2 Qa3 38. Kd3 Qa6 39. Rd1 Qd6+ 40. Ke2 Qe5+ 41. Kf2 Qc7 42. Rd3 Qb7 43. Qb3 Qa6 44. a4 Qa5 45. Qb5 Qc7 46. a5 Qe5 47. Qb7 a6 48. Kf1 g4 49. Qe4 Qxe4 50. fxe4 Be5 51. Rd7 Bxc3 52. Rc7 Bxa5 53. Rxc5 Bd2 54. Ke2 Bc1 55. Ra5 1-0